Procesos económicos, laborales y urbanos en la frontera noreste en el contexto de la apertura económica /
Se trata del desarrollo que ha tenido la frontera norte de México en donde es más visible la integración económica del país en los mercados internacionales. Organizado en tres grandes temas como lo son: 1) La economía, 2) El mercado laboral y 3) El espacio urbano y el medio ambiente. Destaca la inve...
Сохранить в:
| Главный автор: | |
|---|---|
| Соавтор: | |
| Другие авторы: | , |
| Формат: | Материалы конференции |
| Язык: | испанский |
| Опубликовано: |
Tijuana, México : Saltillo, México :
El Colegio de la Frontera Norte ; Universidad Autónoma de Coahuila,
2011, c2011
|
| Предметы: | |
| Метки: |
Нет меток, Требуется 1-ая метка записи!
|
MARC
| LEADER | 00000nam^a2200000^a^4500 | ||
|---|---|---|---|
| 001 | 000327904 | ||
| 005 | 20250521000000.0 | ||
| 009 | 20260310113850.393 | ||
| 020 | |a 978-607-479-056-6 | ||
| 037 | |a Acervo ITESO - Biblioteca | ||
| 041 | |a ESP | ||
| 082 | |a 330. 97206 |b VAS | ||
| 100 | |a Vásquez Galán, Belem Iliana |e (coord.) | ||
| 245 | 1 | 0 | |a Procesos económicos, laborales y urbanos en la frontera noreste en el contexto de la apertura económica / |c Coord. de B.I. Vásquez Galán, M.A. Jurado Montelongo, J.L. Castro Ruiz. |
| 264 | 4 | |a Tijuana, México : |b El Colegio de la Frontera Norte ; |a Saltillo, México : |b Universidad Autónoma de Coahuila, |c 2011, c2011 | |
| 300 | |a 407 p. | ||
| 336 | |a texto |b txt |2 rdacontenido | ||
| 337 | |a sin mediación |b n |2 rdamedio | ||
| 338 | |a volumen |b nc |2 rdasoporte | ||
| 520 | |a Se trata del desarrollo que ha tenido la frontera norte de México en donde es más visible la integración económica del país en los mercados internacionales. Organizado en tres grandes temas como lo son: 1) La economía, 2) El mercado laboral y 3) El espacio urbano y el medio ambiente. Destaca la inversión extranjera que ha promovido la industria automotriz y las maquiladoras como detonador del desarrollo de la región. | ||
| 546 | |a Contiene algunos artículos en inglés | ||
| 649 | |a XX | ||
| 650 | |a Maquiladoras - |z México (Frontera Norte) | ||
| 650 | |a Maquiladoras - |z México | ||
| 650 | |a Industria Automotriz - |z Matamoros, Chihuahua | ||
| 650 | |a Industria Automotriz - |z México | ||
| 650 | |a Inversiones Extranjeras - |z México | ||
| 650 | |a Turismo - |z México | ||
| 650 | |a Agua - |x Administración - |z Texas, EUA | ||
| 650 | |a Agua - |x Administración - |z México (Frontera Norte) | ||
| 650 | |a Agua - |x Administración - |z México | ||
| 650 | |a Apertura Comercial e Integración Económica - |z México (Frontera Norte) - |x Tema Principal | ||
| 650 | |a Apertura Comercial e Integración Económica - |z México | ||
| 650 | |a Crisis Económica - |z México (Frontera Norte) | ||
| 650 | |a Crisis Económica - |z México | ||
| 650 | |a Mercado de Trabajo - |z México (Frontera Norte) | ||
| 650 | |a Mercado de Trabajo - |z México | ||
| 650 | |a Desarrollo Regional - |z México (Frontera Norte) - |x Tema Principal | ||
| 650 | |a Desarrollo Regional - |z México | ||
| 650 | |a Desarrollo Urbano - |z Texas, EUA | ||
| 650 | |a Desarrollo Urbano - |z Monterrey, Nuevo León | ||
| 650 | |a Desarrollo Urbano - |z México | ||
| 650 | |a Desarrollo Económico-Social | ||
| 650 | |a Comercio Exterior - |z México | ||
| 650 | |a Economía Internacional | ||
| 650 | |a Economía - |z México - |x Historia - |y Siglo XX | ||
| 650 | |a México (Frontera Norte) - |x Condiciones Económicas - |x Tema Principal | ||
| 650 | |a México - |x Condiciones Económicas | ||
| 711 | |a Simposio Río Bravo/Río Grande, los Retos del Desarrollo Socioeconómico de la Región ante la Crisis ( |d 2009 : |c Monterrey, Nuevo León) | ||
| 700 | |a Jurado Montelongo, Mario Alberto |e (coordinación) | ||
| 700 | |a Castro Ruiz, José Luis |e (coordinación) | ||
| 910 | |a Fondo General | ||
| 920 | |a Impresos - Libros | ||
| 930 | |a Colección General | ||
| 905 | |a 101 | ||
| 901 | |a 0500217280 |b IT1 |c ACC |i C133539 |u 20250521 | ||
| 901 | |a 0500224204 |b IT1 |c ACC |i D61444 |u 20250521 | ||
| 902 | |a https://opac.biblio.iteso.mx/vufind/Record/000327904 | ||